English Cities by Three Areas — Click Quiz #2 - Statistics

General Stats
  • This quiz has been taken 493 times
  • The average score is 5 of 12
Answer Stats
Hint Answer % Correct
Byker, Grainger Town, Jesmond Newcastle upon Tyne
82%
Ancoats, Crumpsall, Moss Side Manchester
78%
Copnor, Fratton, Southsea Portsmouth
61%
Bletchley, Fishermead, Middleton Milton Keynes
58%
Eastwood, Prittlewell, Thorpe Bay Southend-on-Sea
47%
Cherry Hinton, Chesterton, Newnham Cambridge
42%
Kelham Island, Owlerton, Park Hill Sheffield
37%
Aldrington, Kemptown, Prestonville Brighton & Hove
33%
Bootham, Heworth, Layerthorpe York
33%
Bear Flat, Twerton, Walcot Bath
32%
Binley, Spon End, Tile Hill Coventry
30%
Bede Island, Highfields, St Matthew's Leicester
10%
No matching quizzes found
Score Distribution
Percent of People with Each Score
Percentile by Number Answered
Your Score History
You have not taken this quiz